Normal view MARC view
  • MS EE Thesis.

Entry Topical Term

Number of records used in: 3

001 - CONTROL NUMBER

  • control field: 19063

003 - CONTROL NUMBER IDENTIFIER

  • control field: NUST

005 - DATE AND TIME OF LATEST TRANSACTION

  • control field: 20190805060001.0

008 - FIXED-LENGTH DATA ELEMENTS

  • fixed length control field: 190805|| aca||aabn | a|a d

040 ## - CATALOGING SOURCE

  • Original cataloging agency: NUST
  • Transcribing agency: NUST

150 ## - HEADING--TOPICAL TERM

  • Topical term or geographic name entry element: MS EE Thesis.

670 ## - SOURCE DATA FOUND

  • Source citation: Work cat.: (NUST): Qureshi, Mohammad Ahmed 19062, Double integral sliding mode control of four quadrant quasi Z converter for DC motor drives and renewable energy applications., 2018.
© 2023 Central Library, National University of Sciences and Technology. All Rights Reserved.